| 000 | 01507 a2200217 4500 | ||
|---|---|---|---|
| 001 | 31847 | ||
| 005 | 20260407155620.0 | ||
| 008 | 260407a1998 arg spa d | ||
| 003 | AR-UNSa-BCEJYS | ||
| 040 |
_aAR-UNSa-BCEJYS _bspa _cAR-UNSa-BCEJYS |
||
| 080 |
_a658 _xAdministración de empresas. Organización comercial |
||
| 245 | 1 | 0 | _aIntroducción a la teoría general de la administración |
| 020 | _a958-600-313-2 | ||
| 250 | _a4a. ed | ||
| 264 | 1 |
_aBogotá : _bMcGraw-Hill Interamericana _c1998 |
|
| 300 |
_axvii,880 p. _c23 cm. |
||
| 505 | _a1. La administración y sus perspectivas - 2. Antecedentes históricos de la administración - 3. Enfoque clásico de la administración - 4. Teoría clásica de la administración - 5. Teoría de las relaciones humanas - 6. Implicaciones de la teoría de las relaciones humanas - 7. Teoría neoclásica de la administración - 8. Implicaciones del enfoque neoclásico: tipos de organización - 9. Implicaciones del enfoque neoclásico: departamentalización - 10. Administración por objetvos (APO) - 11. Modelo burocrático de organización - 12. Teoría estructuralista de la administración - 13. Teoría del comportamiento en la administración - 14. Teoría del desarrollo organizacional - 15. Cibernética y administración - 16. Teoría matematica de la administración - 17. Teoría de sistemas - 18. Teoría contingencial de la administración. | ||
| 942 | _cBK | ||
| 590 | _aniveau_biblio:m niveau_hierar:0 | ||
| 100 | 1 | _aChiavenato, Idalberto | |
| 999 |
_c2216 _d2216 |
||